000 00986nam a22002417a 4500
005 20170123164142.0
010 _aB-068565
020 _c150.00
035 _aB-068565
037 _aCen Lib/Ret
040 _aDPL
_bPN
082 _a260
_bਬੇਅੰਤ
100 _aਬੇਅੰਤ ਕੌਰ
_9117858
245 _aਧਰਮ ਹੇਤ :
_cਬੇਅੰਤ ਕੌਰ
_bਸਾਕਾ ਜਿਨ ਕਿਯਾ :
246 _aDharam het saka jin kiya /
_bby Beant Kaur
260 _aਦਿੱਲੀ
_bਆਰਸੀ ਪਬਲਿਸ਼ਰਜ਼
_c2002
270 _aਚਾਦਨੀ ਚੋਕ,
_bਦਿੱਲੀ
_e110006
300 _a144p.
_c22(Hb)
650 _aਪੰਜਾਬੀ ਸਾਹਿਤ
_9117859
650 _aਪੰਜਾਬੀ ਸਾਹਿਤ - ਰੁਹਾਨੀ ਆਧਾਰਿਤ ਸਿੱਖ ਧਰਮ ਜੀਵਨ
_913179
650 _aPunjabi Literature-Spiritual and Sikh religon life
_913180
942 _2ddc
_cPN
_h260
_mਬੇਅੰਤ
999 _c109750
_d109750